Normal view
MARC view
Entry AUTORIDADES PERSONAS
001 - NÚMERO DE CONTROL
- campo de control: 509
003 - CONTROL
- campo de control: AR-BaSMT
005 - FECHA Y HORA DE LA ÚLTIMA TRANSACCIÓN
- campo de control: 20260512130255.0
008 - ELEMENTOS LONGITUD FÍSICA
- campo de control de longitud fija: 260512nn aznnnaabn a aaa d
024 7# - OTROS INDICADORES NORMALIZADOS
- Fuente: Viaf
- Número estándar o código: http://viaf.org/viaf/97186739
024 7# - OTROS INDICADORES NORMALIZADOS
- Fuente: Loc
- Número estándar o código: https://lccn.loc.gov/n50008596
040 ## - FUENTE DE CATALOGACIÓN
- Agencia que cataloga: AR-BaSMT
- Idioma de catalogación: spa
- Norma: RDA
100 1# - ENCABEZAMIENTO-NOMBRE DE PERSONA
- Nombre de persona: Blyton, Enid
- Numeración: 1897-1968
- Títulos y otros términos asociados al nombre: Autor
370 ## - LUGAR ASOCIADO
- Lugar de nacimiento: Londres
- Lugar de muerte : Londres
- País de nacimiento : Inglaterra
372 ## - CAMPO DE ACTIVIDAD
- Fuente (LEMB) : Lemb
- Campo en el que la persona se ha dedicado : Literatura
374 ## - OCUPACIÓN
- Fuente Ej: LEMB : Lemb
- Ocupación: Escritores
375 ## - GÉNERO/SEXO
- Masculino, femenino, desconocido, intersexo, … : Femenino
377 #7 - IDIOMA ASOCIADO
- Código (spa) : spa
- Lengua (español) : español
400 1# - TRAZADO DE VÉASE--NOMBRE DE PERSONA
- Nombre de persona: Blyton, Enid (Enid Mary)
- Fecha asociada al nombre : 1897-1968
400 0# - TRAZADO DE VÉASE--NOMBRE DE PERSONA
- Nombre de persona: Enid Blyton
- Fecha asociada al nombre : 1897-1968
670 ## - FUENTE DE DATOS ENCONTRADOS
- Cita de la fuente: Los cinco y el tesoro de la Isla, 2015
- Donde se localiza la información: port. (Enid Blyton)
678 #0 - DATOS BIOGRÁFICOS O HISTÓRICOS
- Datos biográficos o históricos: Enid Blyton (nacida el 11 de agosto de 1897 en East Dulwich, Londres , Inglaterra, y fallecida el 28 de noviembre de 1968 en Hampstead, Londres) fue una prolífica y muy popular autora británica de cuentos, poemas, obras de teatro y libros educativos para niños , conocida principalmente por series como Noddy , Los siete secretos , Los cinco famosos y Malory Towers . Con más de 500 millones de libros vendidos en todo el mundo y traducciones a más de 40 idiomas, Blyton sigue siendo una de las autoras de literatura infantil más vendidas a nivel mundial.
- URL y fecha de consulta : https://www.britannica.com/biography/Enid-Blyton 12/05/2026
